Η Ελλάδα στο μεταίχμιο ενός νέου κόσμου : Ψυχρός πόλεμος - Δόγμα Truman - Σχέδιο Marshall (μέσα από διπλωματικά και ιστορικά έγγραφα)
Αποθηκεύτηκε σε:
| Συγγραφή απο Οργανισμό/Αρχή: | |
|---|---|
| Άλλοι συγγραφείς: | |
| Μορφή: | Βιβλίο |
| Γλώσσα: | Greek |
| Δημοσίευση: |
Αθήνα :
Καστανιώτης,
2002.
|
| Θέματα: | |
| Ετικέτες: |
Προσθήκη ετικέτας
Δεν υπάρχουν, Καταχωρήστε ετικέτα πρώτοι!
|
MARC
| LEADER | 00000cam a2200000 i 4500 | ||
|---|---|---|---|
| 001 | 1/29321 | ||
| 008 | 021112s2002 gr | ||| |||| ||gre|| | ||
| 020 | |a 9600332673 |q (σετ) | ||
| 020 | |a 9600332681 |q (τ.1) | ||
| 020 | |a 960033269Χ |q (τ.2) | ||
| 020 | |a 9600332703 |q (τ.3) | ||
| 035 | |l 10068777 | ||
| 040 | |a GR-MyUa |b gre |e AACR2 | ||
| 041 | 0 | |a gre | |
| 082 | 7 | |a 938.77 |2 (22) | |
| 245 | 0 | 2 | |a Η Ελλάδα στο μεταίχμιο ενός νέου κόσμου : |b Ψυχρός πόλεμος - Δόγμα Truman - Σχέδιο Marshall (μέσα από διπλωματικά και ιστορικά έγγραφα) / |c επιστημονική επιμέλεια: Φωτεινή Τομαή-Κωνσταντοπούλου. |
| 260 | |a Αθήνα : |b Καστανιώτης, |c 2002. | ||
| 300 | |a 3 τ. : |b εικ. ; |c 24 εκ. | ||
| 505 | 8 | |a Τ.1. 1943-1951 -- τ.2. 1943-1947 -- τ.3. 1948-1951. | |
| 651 | 0 | |a Greece |x History |y 20th century. | |
| 700 | 1 | |a Τομαή-Κωνσταντοπούλου, Φωτεινή, |d 1953- |e edtf | |
| 710 | 1 | |a Ελλάς. |b Υπουργείο Εξωτερικών. |b Υπηρεσία Διπλωματικού και Ιστορικού Αρχείου. | |
| 740 | 0 | |a 1943-1951 | |
| 740 | 0 | |a 1943-1947 | |
| 740 | 0 | |a 1948-1951 | |
| 852 | |a INST |b RHODES |e 20030204 |h 938.77 ΕΛΛ |p 005400015838 |q 005400015838 |t BK |v τ.1: |y 0 |z τ.1 | ||
| 852 | |a INST |b RHODES |e 20021112 |h 938.77 ΕΛΛ |p 005400016050 |q 005400016050 |t BK |v τ.2: |y 0 |z τ.2 | ||
| 852 | |a INST |b RHODES |e 20021112 |h 938.77 ΕΛΛ |p 005400016051 |q 005400016051 |t BK |v τ.3: |y 0 |z τ.3 | ||
| 853 | |a INST |b RHODES |h 938.77 ΕΛΛ | ||
| 901 | |a BIBL4-2003-1 | ||
| 922 | |a 4ΕΛΗ |b 200210 |c ΒΙΒΛΙΟΘΗΚΗ |d ΔΕΝΤΡΟ | ||
| 970 | |a ΚΟΥΛΑΚΙΟΤΗ |b ΛΙΤΣΑ |z 2003/01/27 | ||